000 00739nam a22001937a 4500
999 _c4221
_d4178
008 230323b odc|| |||| 00| 0 eng d
020 _a9754582017
041 _atur
050 _aLC5148.T9
100 _91910
_aTürkoğlu, Pakize
245 _aTonguç ve Enstitüleri
_cYayın Danışmanı: Mürşit Balabanlılar,
250 _aİkinci Basım
260 _aİstanbul:
_bTürkiye İş Bankası Kültür Yayınları,
_cNisan 2000
300 _a677 Sayfa
500 _aGenel Yayın : 450 Ünlü Kişiler Dizisi: 20 "Türkiye İş Bankası Cumhuriyet'in 75. Yılı Toplum ve İnsanbilimleri İncelemesi Büyük Ödülü"--k.
650 0 _91687
_aAraştırma-İnceleme
700 _91642
_aBalabanlılar, Mürşit
942 _2lcc
_cBK